00772nam a22002177a 4500999001500000001000500015003000900020005001700029008004100046020001500087040003800102082002000140245004100160250002700201260003500228300004400263650004000307650007700347942001200424952011800436 c3896d38966843BD-DhUAP20200315111344.0160430s1996 nyua|||| |||| 001 0 eng d a0026351595 aBD-DhAALcBD-DhAALbEngdBD-DhUAP 223a808.007 WRI aWriter's choice grammar workbook 12. aTeacher's anotated ed. aNew York : bGlencoe, cc1996. aiv, 396 pages :billustrations ;c28 cm aComposition (Language arts) 919370 aEnglish language xComposition and exercisesxStudy and teaching.919371 2ddccBK 00102ddc4070aUAPCLbUAPCLcGeneral Stacksd2020-03-15o808.007 WRIp3010006843r2020-03-15t1w2020-03-15yBK